[Event "7th Oviedo Open 2019"]
[Site "Oviedo ESP"]
[Date "2019.07.19"]
[Round "7.5"]
[White "Cuenca Jimenez, J."]
[Black "Gonzalez Trigal, J1."]
[Result "0-1"]
[WhiteElo "2534"]
[BlackElo "2339"]
[PlyCount "116"]
[EventDate "2019.07.15"]
[EventType "swiss"]
[EventRounds "9"]
[EventCountry "ESP"]
[SourceTitle "The Week in Chess 1289"]
[Source "Mark Crowther"]
[SourceDate "2019.07.22"]
[SourceVersion "3"]
[SourceVersionDate "2019.08.10"]
[SourceQuality "2"]

1. Nf3 Nf6 2. b3 d5 3. Bb2 c5 4. e3 Nc6 5. Bb5 Bd7 6. O-O e6 7. c4 a6 8. Bxc6
Bxc6 9. Ne5 Rc8 10. Nxc6 Rxc6 11. Bxf6 gxf6 12. cxd5 Qxd5 13. Nc3 Qd3 14. Qf3
f5 15. Rac1 Bd6 16. Rfd1 Rg8 17. Qh5 Rg7 18. Ne2 Be5 19. f4 Bb2 20. Rb1 Bf6 21.
Qf3 Bd8 22. Ng3 Ba5 23. Rbc1 f6 24. Rc4 Bb4 25. h3 Rd6 26. Kh2 Rdd7 27. Nf1 Rg6
28. Re1 b5 29. Rcc1 Qe4 30. Qe2 Qd3 31. Qh5 Kf8 32. Re2 Kg8 33. Qf3 Qe4 34. Qf2
Qd3 35. g3 Rgg7 36. Qg2 Qe4 37. Qf2 Rd3 38. Rd1 h5 39. h4 Rgd7 40. Kg1 a5 41.
Nh2 c4 42. bxc4 bxc4 43. a3 Bxa3 44. Ra1 Bb4 45. Nf3 Qd5 46. Ra2 Kg7 47. Kh2
Qe4 48. Nd4 Kf7 49. Nf3 Rb3 50. Nd4 Rb1 51. Qg2 Rd1 52. Nf3 Qb1 53. d4 cxd3 54.
Reb2 Qc1 55. Nd2 Rxd2 56. Rxd2 Bxd2 57. Rxd2 a4 58. Kh3 a3 0-1

[Event "7th Oviedo Open 2019"]
[Site "Oviedo ESP"]
[Date "2019.07.20"]
[Round "8.6"]
[White "Villemur Tamarit, Juan"]
[Black "Cuenca Jimenez, J."]
[Result "0-1"]
[WhiteElo "2190"]
[BlackElo "2534"]
[PlyCount "106"]
[EventDate "2019.07.15"]
[EventType "swiss"]
[EventRounds "9"]
[EventCountry "ESP"]
[SourceTitle "The Week in Chess 1289"]
[Source "Mark Crowther"]
[SourceDate "2019.07.22"]
[SourceVersion "3"]
[SourceVersionDate "2019.08.10"]
[SourceQuality "2"]

1. d4 Nf6 2. Nf3 g6 3. c4 Bg7 4. Nc3 O-O 5. e4 d6 6. Be2 Bg4 7. Be3 Nfd7 8. Qd2
e5 9. O-O Bxf3 10. Bxf3 Nc6 11. d5 Nd4 12. Bxd4 exd4 13. Ne2 Qf6 14. Rfd1 d3
15. Qxd3 Qxb2 16. a4 a5 17. Rab1 Qe5 18. Qc2 Nc5 19. Nd4 Rfe8 20. g3 Qe7 21.
Nb5 Rac8 22. Bg2 Red8 23. Qd2 Ra8 24. Qc2 Rab8 25. Qd2 c6 26. Nd4 Bxd4 27. Qxd4
Nxa4 28. Qa1 Nc5 29. Qxa5 Ra8 30. Qe1 Qf6 31. dxc6 bxc6 32. Rb6 Rac8 33. e5
dxe5 34. Rxc6 Rxc6 35. Rxd8+ Qxd8 36. Bxc6 Qd4 37. Bd5 Kg7 38. Kg2 e4 39. Qe2
f5 40. h3 Nd3 41. h4 Qa1 42. Bxe4 fxe4 43. Qxe4 Ne5 44. f4 Nf7 45. c5 Qb2+ 46.
Kh3 Qc3 47. c6 Qc5 48. Qe6 h5 49. Qd7 Qf5+ 50. g4 Qxd7 51. cxd7 Kf6 52. f5 gxf5
53. gxh5 Ke7 0-1

[Event "7th Oviedo Open 2019"]
[Site "Oviedo ESP"]
[Date "2019.07.21"]
[Round "9.4"]
[White "Admiraal, M."]
[Black "Cuenca Jimenez, J."]
[Result "1-0"]
[WhiteElo "2504"]
[BlackElo "2534"]
[PlyCount "156"]
[EventDate "2019.07.15"]
[EventType "swiss"]
[EventRounds "9"]
[EventCountry "ESP"]
[SourceTitle "The Week in Chess 1289"]
[Source "Mark Crowther"]
[SourceDate "2019.07.22"]
[SourceVersion "3"]
[SourceVersionDate "2019.08.10"]
[SourceQuality "2"]

1. c4 Nf6 2. Nc3 g6 3. e4 d6 4. d4 Bg7 5. f3 O-O 6. Nge2 c5 7. d5 e6 8. Ng3
exd5 9. cxd5 h5 10. Bg5 a6 11. Qd2 Nbd7 12. a4 Qa5 13. Be2 Re8 14. O-O Qb4 15.
Nh1 Qd4+ 16. Nf2 Nh7 17. Be3 Qxd2 18. Bxd2 f5 19. Rae1 Ne5 20. Rb1 Nf7 21. b4
Bd4 22. Kh1 b6 23. bxc5 bxc5 24. Nd3 g5 25. h4 Bxc3 26. Bxc3 fxe4 27. Nb2 Bf5
28. fxe4 Rxe4 29. Bxh5 Rxh4+ 30. Kg1 Rxh5 31. Rxf5 Rh4 32. Re1 Rf4 33. Rxf4
gxf4 34. Re4 Nhg5 35. Rxf4 Re8 36. Bf6 Re4 37. Rf5 Nh7 38. Bc3 Nhg5 39. Bf6 Re2
40. Nc4 Ne4 41. Rf4 Re1+ 42. Kh2 Re2 43. Kh3 Nd2 44. Nb6 Re4 45. Rf2 Re3+ 46.
Kg4 Ne4 47. Rf4 Nh6+ 48. Kh5 Kh7 49. Nd7 Ng3+ 50. Kg5 Re8 51. Bb2 Rg8+ 52. Kh4
Nhf5+ 53. Kh3 Rg5 54. Nf8+ Kg8 55. Ne6 Rg6 56. Rg4 Rxg4 57. Kxg4 Kf7 58. a5 Kg6
59. Nf8+ Kf7 60. Ne6 Kg6 61. Nc7 Nf1 62. Kf4 Ne7 63. Bc3 Kf7 64. Be1 Ng6+ 65.
Ke4 Ke7 66. Nxa6 Kd7 67. Nb8+ Kc7 68. Nc6 Nf8 69. g4 Nh2 70. g5 c4 71. a6 Kb6
72. a7 Kb7 73. Bb4 Ng6 74. Bxd6 Nf1 75. Bb4 Nh2 76. d6 Nf8 77. g6 Ng4 78. g7
Nd7 1-0

[Event "TCh-SWE Elitserien"]
[Site "Sweden SWE"]
[Date "2019.03.29"]
[Round "7.3"]
[White "Blomqvist, E."]
[Black "Cuenca Jimenez, J."]
[Result "1/2-1/2"]
[WhiteElo "2491"]
[BlackElo "2513"]
[PlyCount "51"]
[EventDate "2018.11.09"]
[EventType "team"]
[EventRounds "9"]
[EventCountry "SWE"]
[SourceTitle "The Week in Chess 1273"]
[Source "Mark Crowther"]
[SourceDate "2019.04.01"]
[SourceVersion "1"]
[SourceVersionDate "2019.04.01"]
[SourceQuality "2"]
[WhiteTeam "SK Rockaden, Sthlm"]
[BlackTeam "Lunds ASK"]

1. e4 e5 2. Nf3 Nc6 3. Bb5 a6 4. Ba4 Nf6 5. O-O Be7 6. Re1 b5 7. Bb3 d6 8. a4
Bg4 9. c3 Na5 10. Bc2 c5 11. axb5 axb5 12. h3 Bxf3 13. Qxf3 O-O 14. d3 Rb8 15.
Nd2 b4 16. Nf1 bxc3 17. bxc3 Nb3 18. Bxb3 Rxb3 19. c4 Ne8 20. Qd1 Rb7 21. Bd2
Bg5 22. Bxg5 Qxg5 23. Ne3 Nc7 24. Qg4 Qxg4 25. hxg4 g6 26. Reb1 1/2-1/2

[Event "TCh-SWE Elitserien"]
[Site "Sweden SWE"]
[Date "2019.03.30"]
[Round "8.2"]
[White "Cuenca Jimenez, J."]
[Black "Nygren, D."]
[Result "1-0"]
[WhiteElo "2513"]
[BlackElo "2288"]
[PlyCount "101"]
[EventDate "2018.11.09"]
[EventType "team"]
[EventRounds "9"]
[EventCountry "SWE"]
[SourceTitle "The Week in Chess 1273"]
[Source "Mark Crowther"]
[SourceDate "2019.04.01"]
[SourceVersion "1"]
[SourceVersionDate "2019.04.01"]
[SourceQuality "2"]
[WhiteTeam "Lunds ASK"]
[BlackTeam "SK Rockaden Umea"]

1. c4 e6 2. Nf3 Nf6 3. d4 c5 4. g3 d5 5. cxd5 exd5 6. Bg2 Nc6 7. O-O Be7 8. Nc3
O-O 9. Bg5 cxd4 10. Nxd4 h6 11. Be3 Re8 12. Qb3 Na5 13. Qc2 Bg4 14. Nf5 Bb4 15.
Bd4 Bxc3 16. Bxc3 Rc8 17. Ne3 Be6 18. Rfd1 Nc6 19. Qa4 Qe7 20. Qf4 Rcd8 21.
Bxf6 Qxf6 22. Qxf6 gxf6 23. Rd2 d4 24. Nc2 Bd5 25. Bf1 Be4 26. Rad1 Bxc2 27.
Rxc2 Re7 28. Bg2 Nb4 29. Rc4 Nc6 30. Bxc6 bxc6 31. Kf1 Rde8 32. Rd2 Re6 33.
Rcxd4 R8e7 34. e3 Re5 35. Rc2 Rb7 36. b3 Re6 37. Ke2 Kg7 38. Rd8 f5 39. Rc4 Kf6
40. Ra4 Ree7 41. Ra5 Rbc7 42. Rd4 Re4 43. Rda4 Ree7 44. Rf4 c5 45. Rc4 Re5 46.
b4 Rb7 47. Raxc5 Rxc5 48. bxc5 Rb2+ 49. Kf3 Ke7 50. c6 Kd8 51. Ra4 1-0

[Event "TCh-SWE Elitserien"]
[Site "Sweden SWE"]
[Date "2019.03.31"]
[Round "9.1"]
[White "Cuenca Jimenez, J."]
[Black "Amin, B."]
[Result "1/2-1/2"]
[WhiteElo "2513"]
[BlackElo "2709"]
[PlyCount "94"]
[EventDate "2018.11.09"]
[EventType "team"]
[EventRounds "9"]
[EventCountry "SWE"]
[SourceTitle "The Week in Chess 1273"]
[Source "Mark Crowther"]
[SourceDate "2019.04.01"]
[SourceVersion "1"]
[SourceVersionDate "2019.04.01"]
[SourceQuality "2"]
[WhiteTeam "Lunds ASK"]
[BlackTeam "Wasa SK"]

1. d4 Nf6 2. c4 g6 3. Nc3 Bg7 4. e4 d6 5. h3 O-O 6. Be3 c5 7. d5 e6 8. Bd3 exd5
9. exd5 Na6 10. Nf3 Nb4 11. Be2 Bf5 12. Rc1 Ne4 13. g4 Nxc3 14. bxc3 Nxa2 15.
gxf5 Nxc1 16. Qxc1 Qf6 17. fxg6 Qxc3+ 18. Qxc3 Bxc3+ 19. Kd1 hxg6 20. Kc2 Bg7
21. Rb1 b6 22. h4 Rfe8 23. Bd3 Kf8 24. h5 gxh5 25. Nh4 Rxe3 26. fxe3 Be5 27.
Nf5 Ke8 28. Rh1 Kd7 29. Rxh5 Rg8 30. Be4 Ke8 31. Bf3 a6 32. Rh6 Rg6 33. Rxg6
fxg6 34. Nh4 g5 35. Ng2 b5 36. Be2 bxc4 37. Bxc4 a5 38. Kd3 Kf7 39. Ke4 Kf6 40.
Ne1 g4 41. Bb3 Kg5 42. Ng2 Bg3 43. Ba4 Be5 44. Kd3 Bg7 45. Bd7 Be5 46. Kc4 Bb2
47. Kd3 Be5 1/2-1/2

[Event "Gibraltar Masters 2019"]
[Site "Caleta ENG"]
[Date "2019.01.22"]
[Round "1.70"]
[White "Tejaswini, S."]
[Black "Cuenca Jimenez, J."]
[Result "0-1"]
[WhiteElo "2190"]
[BlackElo "2512"]
[PlyCount "104"]
[EventDate "2019.01.22"]
[EventType "swiss"]
[EventRounds "10"]
[EventCountry "ENG"]
[SourceTitle "The Week in Chess 1264"]
[Source "Mark Crowther"]
[SourceDate "2019.01.28"]
[SourceVersion "4"]
[SourceVersionDate "2019.03.11"]
[SourceQuality "2"]

1. e4 e5 2. Nf3 Nc6 3. Bb5 a6 4. Ba4 Nf6 5. O-O Be7 6. Re1 b5 7. Bb3 d6 8. c3
O-O 9. h3 Nb8 10. d4 Nbd7 11. Nbd2 Bb7 12. Bc2 Re8 13. a4 Bf8 14. Bd3 c6 15. b3
g6 16. Bb2 Nh5 17. Qc2 Rc8 18. Bf1 Nf4 19. axb5 axb5 20. dxe5 dxe5 21. Ba3 Bxa3
22. Rxa3 Qb6 23. b4 c5 24. bxc5 Nxc5 25. Rb1 Bc6 26. Qa2 Re7 27. Ra5 Ncd3 28.
Bxd3 Nxd3 29. Nc4 Qc7 30. Ncd2 Nc5 31. Qa3 Nd3 32. Ne1 Nf4 33. Ra6 Rd7 34. Nef3
Bb7 35. Ra5 Qxc3 36. Qxc3 Ne2+ 37. Kh2 Nxc3 38. Rc1 f6 39. Ra3 Rdc7 40. Rb3 Rc5
41. Rb4 Na2 42. Rxc5 Rxc5 43. Nb3 Nxb4 44. Nxc5 Bc8 45. Nd2 Kf7 46. Kg3 Ke7 47.
f4 Kd6 48. Ncb3 Nd3 49. fxe5+ fxe5 50. Kf3 Be6 51. Na5 Nc5 52. Ke3 Kc7 0-1

[Event "Gibraltar Masters 2019"]
[Site "Caleta ENG"]
[Date "2019.01.25"]
[Round "4.57"]
[White "Cuenca Jimenez, J."]
[Black "Anand, N."]
[Result "1-0"]
[WhiteElo "2512"]
[BlackElo "2373"]
[PlyCount "61"]
[EventDate "2019.01.22"]
[EventType "swiss"]
[EventRounds "10"]
[EventCountry "ENG"]
[SourceTitle "The Week in Chess 1264"]
[Source "Mark Crowther"]
[SourceDate "2019.01.28"]
[SourceVersion "4"]
[SourceVersionDate "2019.03.11"]
[SourceQuality "2"]

1. c4 Nf6 2. Nc3 e6 3. Nf3 d5 4. e3 Be7 5. b3 O-O 6. Bb2 b6 7. g3 Bb7 8. Bg2 c5
9. O-O Qc8 10. Rc1 Rd8 11. d3 dxc4 12. bxc4 Nc6 13. Qe2 Na5 14. Ne1 Bxg2 15.
Nxg2 Nc6 16. f4 a6 17. g4 Ne8 18. g5 b5 19. Rf3 Qd7 20. Rd1 Nd6 21. Rh3 g6 22.
Qf3 f6 23. Nh4 fxg5 24. Nxg6 hxg6 25. Nd5 Nf7 26. Qe4 Nce5 27. Bxe5 Nxe5 28.
Nxe7+ Qxe7 29. Qxe5 Qg7 30. Qxe6+ Qf7 31. Rh8+ 1-0

[Event "Gibraltar Masters 2019"]
[Site "Caleta ENG"]
[Date "2019.01.26"]
[Round "5.47"]
[White "Sidhant, M."]
[Black "Cuenca Jimenez, J."]
[Result "0-1"]
[WhiteElo "2344"]
[BlackElo "2512"]
[PlyCount "146"]
[EventDate "2019.01.22"]
[EventType "swiss"]
[EventRounds "10"]
[EventCountry "ENG"]
[SourceTitle "The Week in Chess 1264"]
[Source "Mark Crowther"]
[SourceDate "2019.01.28"]
[SourceVersion "4"]
[SourceVersionDate "2019.03.11"]
[SourceQuality "2"]

1. e4 e5 2. Nf3 Nc6 3. Bb5 a6 4. Ba4 Nf6 5. O-O Be7 6. d3 b5 7. Bb3 d6 8. a3
O-O 9. Nc3 Na5 10. Ba2 c5 11. Bg5 Nc6 12. h3 Be6 13. Bxf6 Bxf6 14. Nd5 g6 15.
c3 Bg7 16. b4 Kh8 17. Ne3 Bd7 18. Bd5 Rb8 19. bxc5 dxc5 20. a4 f5 21. axb5 axb5
22. Qe2 Ne7 23. Bb3 fxe4 24. dxe4 c4 25. Bc2 Qb6 26. Rfd1 Rbd8 27. Rab1 Qa5 28.
Nxc4 bxc4 29. Rb7 Bc8 30. Rxe7 Rxd1+ 31. Qxd1 Qc5 32. Rd7 Bxd7 33. Qxd7 Bf6 34.
Ba4 Qa3 35. Qc6 Qxc3 36. Bb5 Qc1+ 37. Kh2 c3 38. Ba4 Qf4+ 39. Kg1 Qc1+ 40. Kh2
Qf4+ 41. Kg1 Kg7 42. Qxc3 Qxe4 43. Bc2 Qf4 44. Qc6 Qc1+ 45. Kh2 Rf7 46. h4 Bd8
47. Qe4 Qf4+ 48. Qxf4 Rxf4 49. Kg3 Rc4 50. Bb1 Rb4 51. Bc2 Bb6 52. Nxe5 Bxf2+
53. Kxf2 Rb2 54. Kg3 Rxc2 55. Nf3 Kf6 56. Ng5 h6 57. Nf3 Rc3 58. Kf4 Rc4+ 59.
Kg3 Kf5 60. Nh2 Rc3+ 61. Nf3 Ra3 62. Kf2 Kf4 63. g3+ Ke4 64. Nd2+ Kd3 65. Nf1
Ra7 66. Kf3 Rf7+ 67. Kg2 Ke2 68. Nh2 h5 69. g4 Rf4 70. gxh5 gxh5 71. Kg3 Rf8
72. Kg2 Rg8+ 73. Kh3 Kf2 0-1

[Event "Gibraltar Masters 2019"]
[Site "Caleta ENG"]
[Date "2019.01.27"]
[Round "6.21"]
[White "Cuenca Jimenez, J."]
[Black "Moussard, J."]
[Result "1-0"]
[WhiteElo "2512"]
[BlackElo "2605"]
[PlyCount "50"]
[EventDate "2019.01.22"]
[EventType "swiss"]
[EventRounds "10"]
[EventCountry "ENG"]
[SourceTitle "The Week in Chess 1264"]
[Source "Mark Crowther"]
[SourceDate "2019.01.28"]
[SourceVersion "4"]
[SourceVersionDate "2019.03.11"]
[SourceQuality "2"]

1. d4 d6 2. Nf3 Nf6 3. c4 g6 4. Nc3 Bf5 5. Ng5 h6 6. e4 Bg4 7. Nf3 Bg7 8. Be2
O-O 9. Be3 Bxf3 10. Bxf3 e5 11. d5 Kh7 12. g4 Nbd7 13. h4 Ng8 14. Qd2 f5 15.
gxf5 gxf5 16. exf5 Ne7 17. Be4 Nxf5 18. Qd3 Qf6 19. Rh3 Qg6 20. Ne2 Kh8 21. Rf3
Nf6 22. Bxf5 Qh5 23. Rg3 c6 24. Be6 cxd5 25. cxd5 Qxh4 1-0

[Event "Gibraltar Masters 2019"]
[Site "Caleta ENG"]
[Date "2019.01.28"]
[Round "7.13"]
[White "Jones, G."]
[Black "Cuenca Jimenez, J."]
[Result "1/2-1/2"]
[WhiteElo "2691"]
[BlackElo "2512"]
[PlyCount "136"]
[EventDate "2019.01.22"]
[EventType "swiss"]
[EventRounds "10"]
[EventCountry "ENG"]
[SourceTitle "The Week in Chess 1264"]
[Source "Mark Crowther"]
[SourceDate "2019.01.28"]
[SourceVersion "4"]
[SourceVersionDate "2019.03.11"]
[SourceQuality "2"]

1. Nf3 d5 2. d4 Nf6 3. g3 e6 4. Bg2 Be7 5. O-O O-O 6. c4 dxc4 7. Ne5 c5 8. dxc5
Qc7 9. Nxc4 Qxc5 10. b3 Rd8 11. Nbd2 Qc7 12. Bb2 Nc6 13. Rc1 Bd7 14. e3 Be8 15.
Qe2 Rac8 16. Nf3 Qb8 17. a3 b5 18. Nce5 Bd6 19. Nxc6 Bxc6 20. Rxc6 Rxc6 21. Nd4
Rcc8 22. Nc6 Rxc6 23. Bxc6 b4 24. axb4 Qxb4 25. Qc2 Rc8 26. Rc1 Ng4 27. Qd1 Ne5
28. Bc3 Qb6 29. Qxd6 Nxc6 30. Bb2 Qc7 31. Qd3 f6 32. Rc5 Qb7 33. Qc4 Kf7 34.
Qe4 Qxb3 35. Bd4 Ne7 36. Rxc8 Nxc8 37. Qa8 Qc4 38. Qb7+ Kg6 39. Qd7 h6 40. g4
e5 41. Bxe5 Nb6 42. Qf5+ Kf7 43. Bd4 Qd5 44. Qxd5+ Nxd5 45. Bxa7 Kg6 46. Kg2 h5
47. h3 hxg4 48. hxg4 Kf7 49. Kf3 Ke6 50. Bd4 g6 51. Kg3 Nc7 52. Kf4 Nd5+ 53.
Ke4 Ne7 54. Kd3 f5 55. f3 fxg4 56. fxg4 Nc6 57. Ke4 Nd8 58. Be5 Kf7 59. Kd5 Ne6
60. Bc3 Nd8 61. Be1 Ne6 62. Bh4 Nc7+ 63. Kc6 Ne6 64. Kd6 Nf8 65. Bg5 Ne6 66.
Be7 Ng7 67. Bg5 Ne6 68. Bh6 Nd8 1/2-1/2

[Event "Gibraltar Masters 2019"]
[Site "Caleta ENG"]
[Date "2019.01.29"]
[Round "8.14"]
[White "Cuenca Jimenez, J."]
[Black "Anton Guijarro, D."]
[Result "0-1"]
[WhiteElo "2512"]
[BlackElo "2642"]
[PlyCount "122"]
[EventDate "2019.01.22"]
[EventType "swiss"]
[EventRounds "10"]
[EventCountry "ENG"]
[SourceTitle "The Week in Chess 1265"]
[Source "Mark Crowther"]
[SourceDate "2019.02.04"]
[SourceVersion "1"]
[SourceVersionDate "2019.02.04"]
[SourceQuality "2"]

1. d4 Nf6 2. c4 e6 3. g3 d5 4. Nf3 Bb4+ 5. Bd2 Be7 6. Bg2 O-O 7. O-O Nbd7 8.
Qc2 c6 9. Bf4 Ne4 10. Nc3 g5 11. Be3 Nd6 12. b3 b5 13. Qc1 f6 14. h4 g4 15. Nh2
bxc4 16. Nxg4 Kh8 17. Bf4 Nb6 18. e4 Nxe4 19. Nxe4 dxe4 20. Bxe4 e5 21. Nxe5
Qxd4 22. Nxc4 Qxe4 23. Re1 Qg6 24. Nxb6 axb6 25. Qxc6 Ra7 26. Qxb6 Rb7 27. Qc6
Bb4 28. Re4 Rb6 29. Qxb6 Qxe4 30. f3 Qe7 31. Rc1 Bb7 32. Qc7 Bxf3 33. Qxe7 Bxe7
34. Kf2 Bg4 35. Rc7 Re8 36. a4 h5 37. a5 Bd8 38. Ra7 Be7 39. Rc7 Bd8 40. Ra7
Kg8 41. b4 Re2+ 42. Kf1 Be7 43. a6 Bxb4 44. Rb7 Bc5 45. a7 Rf2+ 46. Ke1 Ra2 47.
Rb8+ Kf7 48. a8=Q Bf2+ 49. Kf1 Bh3+ 50. Qg2 Bxg2+ 51. Kxg2 Ba7+ 52. Kh3 Bxb8
53. Bxb8 Ke6 54. Bc7 Kf5 55. Bd6 Rd2 56. Bf4 Rd3 57. Bc7 Ke4 58. Kg2 Rd2+ 59.
Kh3 Kf3 60. Bb8 Rd1 61. Kh2 Kg4 0-1

[Event "Gibraltar Masters 2019"]
[Site "Caleta ENG"]
[Date "2019.01.30"]
[Round "9.24"]
[White "Vocaturo, D."]
[Black "Cuenca Jimenez, J."]
[Result "1/2-1/2"]
[WhiteElo "2626"]
[BlackElo "2512"]
[PlyCount "187"]
[EventDate "2019.01.22"]
[EventType "swiss"]
[EventRounds "10"]
[EventCountry "ENG"]
[SourceTitle "The Week in Chess 1265"]
[Source "Mark Crowther"]
[SourceDate "2019.02.04"]
[SourceVersion "1"]
[SourceVersionDate "2019.02.04"]
[SourceQuality "2"]

1. c4 e6 2. Nc3 d5 3. d4 Be7 4. Nf3 Nf6 5. Bg5 h6 6. Bh4 O-O 7. e3 Ne4 8. Bxe7
Qxe7 9. Rc1 c6 10. g4 Nd7 11. h4 e5 12. cxd5 Nxc3 13. Rxc3 cxd5 14. g5 h5 15.
Be2 e4 16. Nd2 g6 17. Qb3 Nb6 18. Qa3 Qxa3 19. Rxa3 Be6 20. Nb1 Rfc8 21. Nc3
Nc4 22. Bxc4 Rxc4 23. Kd2 Kf8 24. Rc1 a6 25. Ra5 b6 26. Ra4 Rc6 27. Rb4 Rac8
28. Ne2 Rxc1 29. Nxc1 Rc6 30. Ne2 Ke7 31. Nf4 f6 32. Rb3 Bf7 33. Rc3 Rxc3 34.
Kxc3 fxg5 35. hxg5 Kd6 36. Kd2 Kc6 37. Ng2 Kd6 38. Nh4 Ke6 39. Ke2 Be8 40. Kf1
Kd6 41. Kg2 Ke6 42. Kg3 Bf7 43. Kf4 Be8 44. Ng2 a5 45. Nh4 Bf7 46. Kg3 Be8 47.
Kg2 Kd6 48. Kf1 Ke6 49. Ke2 Kd6 50. Ng2 Bb5+ 51. Kd2 Bd7 52. Ke1 Bb5 53. Nh4
Be8 54. Kf1 Ke6 55. Kg1 Kd6 56. Ng2 Bf7 57. Nf4 Be8 58. Kh2 Bf7 59. Kg3 Be8 60.
Ne2 Bb5 61. Nc3 Bc6 62. Kf4 Ke6 63. Ne2 Bb5 64. Ng1 Be8 65. f3 exf3 66. Nxf3
Kd6 67. Nh4 Bf7 68. Kf3 Be8 69. Ke2 Ke6 70. Kd3 Kd6 71. Kc3 Ke6 72. b4 axb4+
73. Kxb4 Kd6 74. a4 Kc6 75. a5 bxa5+ 76. Kxa5 Kc7 77. Ka6 Kc6 78. Ka5 Kc7 79.
Kb4 Kd6 80. Kc3 Bf7 81. Kd2 Be8 82. Ke1 Bf7 83. Kf2 Be8 84. Kg3 Bf7 85. Nf3 Be6
86. Nh4 Bf7 87. Kf4 Be8 88. Kf3 Bf7 89. Ke2 Be8 90. Kd2 Kc7 91. Kc3 Kc6 92. Ng2
Bd7 93. Nh4 Be8 94. Ng2 1/2-1/2

[Event "30th Carlos Torre Mem"]
[Site "Merida MEX"]
[Date "2018.12.18"]
[Round "7.5"]
[White "Cordova, E."]
[Black "Cuenca Jimenez, J."]
[Result "1-0"]
[WhiteElo "2595"]
[BlackElo "2513"]
[PlyCount "132"]
[EventDate "2018.12.14"]
[EventType "swiss"]
[EventRounds "9"]
[EventCountry "MEX"]
[SourceTitle "The Week in Chess 1259"]
[Source "Mark Crowther"]
[SourceDate "2018.12.24"]
[SourceVersion "2"]
[SourceVersionDate "2018.12.25"]
[SourceQuality "2"]

1. Nf3 Nf6 2. g3 g6 3. Bg2 Bg7 4. d4 O-O 5. O-O d6 6. c4 Nc6 7. Nc3 a6 8. b3
Rb8 9. d5 Na5 10. Bg5 h6 11. Bd2 c5 12. dxc6 Nxc6 13. Rc1 Be6 14. Ne1 Qd7 15.
Nd5 h5 16. Bc3 Bh3 17. Nxf6+ Bxf6 18. Bxf6 exf6 19. Bxh3 Qxh3 20. Ng2 Rbd8 21.
Nf4 Qf5 22. Qd5 Qxd5 23. Nxd5 Kg7 24. h4 Rfe8 25. e3 Ne7 26. Nc7 Rh8 27. Rfd1
Rd7 28. Nd5 Nxd5 29. Rxd5 Rhd8 30. e4 Kf8 31. f3 Ke7 32. Kf2 Rc7 33. a4 Rc5 34.
Rcd1 Rxd5 35. Rxd5 Rc8 36. Ke3 Ke6 37. Kd4 Rg8 38. a5 f5 39. e5 dxe5+ 40. Rxe5+
Kd6 41. f4 f6 42. c5+ Kd7 43. Rd5+ Ke7 44. Rd6 Rc8 45. Rb6 Rc7 46. b4 Rd7+ 47.
Kc4 Rc7 48. b5 axb5+ 49. Kxb5 Rd7 50. Rd6 Rc7 51. Kb6 Rc8 52. Rd5 Ra8 53. Rd3
Ra6+ 54. Kxb7 Rxa5 55. c6 Rb5+ 56. Kc8 g5 57. Rd7+ Ke6 58. c7 gxf4 59. Kd8 Rc5
60. Re7+ Kd6 61. gxf4 Rc4 62. Re2 Rxc7 63. Rd2+ Kc6 64. Rc2+ Kd5 65. Rxc7 Ke4
66. Rc4+ Kd5 1-0

[Event "30th Carlos Torre Mem"]
[Site "Merida MEX"]
[Date "2018.12.16"]
[Round "4.8"]
[White "Cuenca Jimenez, J."]
[Black "Rios, Cr"]
[Result "0-1"]
[WhiteElo "2513"]
[BlackElo "2467"]
[PlyCount "82"]
[EventDate "2018.12.14"]
[EventType "swiss"]
[EventRounds "9"]
[EventCountry "MEX"]
[SourceTitle "The Week in Chess 1258"]
[Source "Mark Crowther"]
[SourceDate "2018.12.17"]
[SourceVersion "1"]
[SourceVersionDate "2018.12.17"]
[SourceQuality "2"]

1. d4 d5 2. c4 e6 3. Nf3 Nf6 4. Nc3 Bb4 5. Qa4+ Nc6 6. e3 O-O 7. Bd2 Re8 8. Rd1
a6 9. Qc2 Bd6 10. a3 h6 11. h3 dxc4 12. Bxc4 e5 13. d5 Ne7 14. O-O b5 15. Ba2
Ng6 16. e4 Nh5 17. Ne2 Qf6 18. Qd3 a5 19. Rc1 Bd7 20. Rfe1 Reb8 21. Kh2 Nhf4
22. Nxf4 Nxf4 23. Bxf4 Qxf4+ 24. g3 Qf6 25. Kg2 b4 26. Nd2 bxa3 27. bxa3 Rb2
28. Rc2 Bxa3 29. Rxc7 Bb5 30. Bc4 Bd6 31. Qc3 Rb4 32. Rc6 Bxc6 33. dxc6 Rb6 34.
Bd5 Bb4 35. Qe3 Rxc6 36. Bxc6 Qxc6 37. Re2 a4 38. Nf3 Qe6 39. Qd3 a3 40. Qb1
Qc4 41. Qa2 Qxe2 0-1

[Event "83rd ch-ESP 2018"]
[Site "Linares ESP"]
[Date "2018.08.28"]
[Round "9.2"]
[White "Cuenca Jimenez, J."]
[Black "Espinosa Aranda, A."]
[Result "1/2-1/2"]
[WhiteElo "2506"]
[BlackElo "2451"]
[PlyCount "89"]
[EventDate "2018.08.20"]
[EventType "swiss"]
[EventRounds "9"]
[EventCountry "ESP"]
[SourceTitle "The Week in Chess 1243"]
[Source "Mark Crowther"]
[SourceDate "2018.09.03"]
[SourceVersion "1"]
[SourceVersionDate "2018.09.03"]
[SourceQuality "2"]

1. Nf3 d5 2. b3 Bg4 3. e3 Nd7 4. Bb2 e6 5. h3 Bh5 6. d3 c6 7. Nbd2 h6 8. Be2
Ngf6 9. O-O Be7 10. c4 O-O 11. Qc2 a5 12. a3 Qb8 13. Rac1 e5 14. Rfe1 Bd6 15.
Nh4 Bxe2 16. Rxe2 Re8 17. Qb1 Bf8 18. Nhf3 Qd6 19. cxd5 cxd5 20. e4 dxe4 21.
dxe4 Nc5 22. Re3 b5 23. a4 bxa4 24. bxa4 Rab8 25. Qc2 Rxb2 26. Qxb2 Nd3 27.
Rxd3 Qxd3 28. Rc3 Qd7 29. Qc2 Bb4 30. Rc7 Qd6 31. Rc6 Qd7 32. Nf1 Nh5 33. Rc7
Qe6 34. Ne3 Nf4 35. Kh2 Re7 36. Rc6 Qd7 37. Nf5 Re6 38. Rc8+ Re8 39. Rxe8+ Qxe8
40. g3 Ne6 41. Nxe5 Nc5 42. f4 Qxa4 43. Qc4 Qb3 44. Ne7+ Kf8 45. N7c6 1/2-1/2

[Event "83rd ch-ESP 2018"]
[Site "Linares ESP"]
[Date "2018.08.21"]
[Round "2.9"]
[White "Cuenca Jimenez, J."]
[Black "Moral Garcia, S."]
[Result "1-0"]
[WhiteElo "2506"]
[BlackElo "2287"]
[PlyCount "59"]
[EventDate "2018.08.20"]
[EventType "swiss"]
[EventRounds "9"]
[EventCountry "ESP"]
[SourceTitle "The Week in Chess 1242"]
[Source "Mark Crowther"]
[SourceDate "2018.08.27"]
[SourceVersion "1"]
[SourceVersionDate "2018.08.27"]
[SourceQuality "2"]

1. Nf3 Nf6 2. c4 g6 3. Nc3 Bg7 4. e4 d6 5. d4 O-O 6. Be2 c5 7. O-O Bg4 8. d5 e6
9. dxe6 Bxe6 10. Bf4 Qb6 11. Qc2 Rd8 12. Rad1 Nc6 13. Rxd6 Rxd6 14. Bxd6 Nb4
15. Qd2 Rd8 16. e5 Ne8 17. Na4 Qa5 18. Nxc5 Nxd6 19. Nxe6 fxe6 20. exd6 Qc5 21.
Rd1 Nc6 22. b4 Nxb4 23. Ng5 Bh6 24. Nxe6 Bxd2 25. Nxc5 Rxd6 26. Nxb7 Rd4 27. c5
Bc3 28. Rc1 Bd2 29. c6 Nd5 30. c7 1-0

[Event "83rd ch-ESP 2018"]
[Site "Linares ESP"]
[Date "2018.08.22"]
[Round "3.8"]
[White "Lianes Garcia, Marcos"]
[Black "Cuenca Jimenez, J."]
[Result "0-1"]
[WhiteElo "2340"]
[BlackElo "2506"]
[PlyCount "42"]
[EventDate "2018.08.20"]
[EventType "swiss"]
[EventRounds "9"]
[EventCountry "ESP"]
[SourceTitle "The Week in Chess 1242"]
[Source "Mark Crowther"]
[SourceDate "2018.08.27"]
[SourceVersion "1"]
[SourceVersionDate "2018.08.27"]
[SourceQuality "2"]

1. e4 e5 2. Nf3 Nc6 3. d4 exd4 4. Nxd4 Bc5 5. Nb3 Bb6 6. Nc3 Nf6 7. Qe2 O-O 8.
Be3 d5 9. O-O-O d4 10. Bg5 Qd6 11. Kb1 Ng4 12. Nd5 Be6 13. Bf4 Nge5 14. c3 Bxd5
15. exd5 Qxd5 16. Nxd4 Bxd4 17. cxd4 Rad8 18. Be3 Nb4 19. b3 c5 20. Bg5 Rd7 21.
Re1 Ned3 0-1